| 000 | 00818nas a2200301 4500 | ||
|---|---|---|---|
| 001 | BR9903280 | ||
| 003 | BR-BrBNA | ||
| 005 | 20231205101454.0 | ||
| 007 | ta | ||
| 008 | 230509b bl.|||p| |||| 00| 00por d | ||
| 040 |
_aBR-BrBNA _bpor _cBiblioteca Nacional de Agricultura |
||
| 041 | _a(Pt) | ||
| 072 | _aQ04 | ||
| 100 | 1 | _aGarcia-Cruz, C.H. | |
| 100 | 1 | _aHoffmann, F.L. | |
| 100 | 1 | _aSakanaka, L.S. | |
| 100 | 1 | _aVinturim, T.M. | |
| 245 | 1 | _aDeterminacao da qualidade do mel | |
| 650 | _aMel | ||
| 650 | _aQualidade | ||
| 650 | _aAnalise Microbiologica | ||
| 650 | _aAnalise Quimica | ||
| 650 | _aAmostragem | ||
| 650 | _aGlicose | ||
| 773 | 0 |
_tAlimentos e Nutricao (Brazil) _xISSN 0103-4235 _g(1999), v. 10 p. 23-35 _wBR9903280 |
|
| 909 |
_a202311 _bLúcia _c55 _dLúcia Elande |
||
| 942 |
_2AGRIS _n0 _cANA |
||
| 999 |
_c162066 _d162066 |
||